01106nam a2200265 a 450000100060000000300080000600500170001400800410003103500190007204000320009104100080012308200120013111100820014324501960022526000930042130000340051450400510054865000160059965000390061565000490065470000190070370000220072270000220074471000740076637640BD-RjUL20211209052630.0150204s1993 ii a b 101 0 eng  a(BD-RjUL)37744 aDLCcDLCdDLCdBD-RjULbeng aeng a581.1/52 aInternational Symposium on Pollination in Tropicsd(1993 :cBangalore, India)10aPollination in tropics :bproceedings of the International Symposium on Pollination in Tropics, August 8-13, 1993, Bangalore, India /ceditors, G.K. Veeresh, R. Uma Shaanker, K.N. Ganeshaiah. aBangalore :bInternational Union for the Study of Social Insects, Indian Chapter,c1993. axiv, 358 p. :bill. ;c23 cm. aIncludes bibliographical references and index. 0aPollination 0aPollination zTropicsvCongresses. 0aPollination by insectszTropicsvCongresses.1 aVeeresh, G. K.1 aShaanker, R. Uma.1 aGaneshaiah, K. N.2 aInternational Union for the Study of Social Insects.bIndian Chapter.